LEADER 00820nam0 2200253 450 001 000030377 005 20150311130616.0 010 $a978-88-598-0815-2 100 $a20150310d2013----km-y0itay50------ba 101 0 $aita 102 $aIT 105 $ay-------001yy 200 1 $aTecniche di restauro$eaggiornamento$fdiretto da Stefano Francesco Musso 210 $aTorino$cUTET scienze tecniche$dc2013 215 $aXV, 372 p.$cill.$d29 cm.$e1 DVD 500 10$aTecniche di restauro$957480 610 1 $aRestauro$aTecniche 676 $a720.288$vWebDewey$9Architettura. Manutenzione e riparazione 702 1$aMusso,$bStefano F. 801 0$aIT$bUNIPARTHENOPE$c20150310$gRICA$2UNIMARC 912 $a000030377 951 $a720-T/2 (III)$b45252$cPIST$d2015 996 $aTecniche di restauro$957480 997 $aUNIPARTHENOPE LEADER 00842nam0-22002891i-450- 001 990004261150403321 005 20160617122418.0 035 $a000426115 035 $aFED01000426115 035 $a(Aleph)000426115FED01 035 $a000426115 100 $a19990604d1959----km-y0itay50------ba 101 0 $aeng 105 $ay-------001yy 200 1 $aCommon sense and nuclear warfare$fBertrand Russell 210 $aLondon$cAllen and Unwin$d1959 215 $a93 p.$d20 cm 610 0 $aEnergia nucleare$aImpiego bellico$aAspetti morali 676 $a355.0217 700 1$aRussell,$bBertrand$f<1872-1970>$07043 801 0$aIT$bUNINA$gRICA$2UNIMARC 901 $aBK 912 $a990004261150403321 952 $aP.1 9W RUS 23$bbibl.39464$fFLFBC 959 $aFLFBC 996 $aCommon sense and nuclear warfare$9491086 997 $aUNINA LEADER 00898nam0-22002891--450- 001 990008661410403321 005 20080520130940.0 035 $a000866141 035 $aFED01000866141 035 $a(Aleph)000866141FED01 035 $a000866141 100 $a20080520d1907----km-y0itay50------ba 101 0 $aita 102 $aIT 105 $ay-------001yy 200 1 $aAlcuni dati statistici sulla composizione delle famiglie in Piemonte nel 1621$fCostantino Ottolenghi 210 $aScansano$cTip. ed. degli Olmi$d1907 215 $a12 p.$d25 cm 676 $a301.451$v11 rid.$zita 700 1$aOttolenghi,$bCostantino$0311211 801 0$aIT$bUNINA$gRICA$2UNIMARC 901 $aBK 912 $a990008661410403321 952 $aBUSTA 22 (2) 12$b34546$fFGBC 959 $aFGBC 996 $aAlcuni dati statistici sulla composizione delle famiglie in Piemonte nel 1621$9715501 997 $aUNINA LEADER 01610oam 2200481 450 001 9910715166803321 005 20220506124425.0 035 $a(CKB)5470000002508345 035 $a(OCoLC)1226709924 035 $a(EXLCZ)995470000002508345 100 $a20201214d2020 ua 0 101 0 $aeng 135 $aur||||||||||| 181 $ctxt$2rdacontent 182 $cc$2rdamedia 183 $acr$2rdacarrier 200 10$aWilliam M. (Mac) Thornberry National Defense Authorization Act for fiscal year 2021 $econference report to accompany H.R. 6395 210 1$aWashington :$cU.S. Government Publishing Office,$d2020. 215 $a1 online resource (xliii, 2168 pages) 225 1 $aReport / 116th Congress, 2d session, House of Representatives ;$v116-617 300 $a"December 3, 2020." 517 $aWilliam M. 606 $aArmed Forces$xAppropriations and expenditures$2fast 606 $aExpenditures, Public$2fast 607 $aUnited States$xArmed Forces$xAppropriations and expenditures 607 $aUnited States$2fast 608 $aLegislative materials.$2fast 608 $aLegislative materials.$2lcgft 615 7$aArmed Forces$xAppropriations and expenditures. 615 7$aExpenditures, Public. 676 $a1.1/8:116-617 801 0$bGPO 801 1$bGPO 801 2$bOCLCO 801 2$bOCLCF 801 2$bGPO 801 2$bDWP 801 2$bOCLCQ 801 2$bGPO 906 $aBOOK 912 $a9910715166803321 996 $aWilliam M. (Mac) Thornberry National Defense Authorization Act for Fiscal Year 2021$93250901 997 $aUNINA